00673cam a2200145 i 4500040000800000100001900008245012300027260006600150300004400216490002100260500013800281650003600419650002200455710005000477 cDLC1 aAgarwal, Bina.10aRethinking collectivities :binstitutional innovations in group farming, community forestry, and strategic alliances / aDelhi :bCentre for the Study of Developing Societies,c2008. aiv, 60 pages :billustrations ;c22 cm.0 aOccasional paper aOriginally presented at the 12th B.N. Ganguli Memorial Lecture on April 11, 2008 at the Centre for the Study of Developing Societies. 0aCollectivization of agriculture 0aCommunity forestr2 aCentre for the Study of Developing Societies,